000 00347nam a22001337a 4500
999 _c14052
_d14052
020 _a9781118038222
082 _a616.89
100 _aBarbara Lichner Ingram
245 _aClinical Case Formulations: Matching the Integrative Treatment Plan to the Client
250 _a2nd Ed.
260 _aUSA
_bWiley
_c2011
300 _a528 pages
942 _cBK